| 000 | 01510cam a2200397 a 4500 | ||
|---|---|---|---|
| 001 | 4035856 | ||
| 003 | OSt | ||
| 005 | 20140310184240.0 | ||
| 008 | 980928s1999 nyua c 000 1 eng | ||
| 010 | _a 98046370 | ||
| 020 | _a0439064872 | ||
| 040 |
_aDLC _cDLC _dDLC _dWaU _dDLC |
||
| 042 | _alcac | ||
| 050 | 0 | 0 |
_aPZ 7 _b.R79835Hcs 2000 |
| 100 | 1 |
_aRowling, J. K. _917401 |
|
| 245 | 1 | 0 |
_aHarry Potter and the Chamber of Secrets / _cJ.K. Rowling ; illustrations by Mary GrandPré. |
| 260 |
_aNew York : _bScholastic, _c2000. |
||
| 300 |
_avi, 341 p. : _bill. ; _c24 cm. |
||
| 521 | _aG8 | ||
| 526 | _c940 | ||
| 650 | 0 |
_aPotter, Harry (Fictitious character) _vJuvenile fiction. _928659 |
|
| 650 | 0 |
_aGranger, Hermione (Fictitious character) _vJuvenile fiction. _928660 |
|
| 650 | 0 |
_aWeasley, Ron (Fictitious character) _vJuvenile fiction. _928661 |
|
| 650 | 0 |
_aHogwarts School of Witchcraft and Wizardry (Imaginary organization) _vJuvenile fiction. _928662 |
|
| 650 | 1 |
_aWizards _vFiction. _928663 |
|
| 650 | 1 |
_aMagic _vFiction. _928664 |
|
| 650 | 1 |
_aSchools _vFiction. _928665 |
|
| 651 | 1 |
_aEngland _vFiction. _928666 |
|
| 700 | 1 |
_aGrandPré, Mary, _eill. _928667 |
|
| 906 |
_a7 _bcbc _corignew _d1 _eocip _f19 _gy-gencatlg |
||
| 942 |
_2lcc _cBK-SCHOLAS |
||
| 999 |
_c33250 _d33250 |
||